00846nas a2200229Ia 4500001001100000003000900011008004100020040001300061040001300074041001300087100004600100210001900146222001900165245011800184250001100302260005100313501008600364300001900450362003300469500007500502650003900577R452/95902IT-RoPAU151124c99999999xx |||||||||||| ||und|| aIT-RoPAU cIT-RoPAU aITALIANO aFalsini RinaldogCodice Aut. SPICS: 22254 aVITA PASTORALE aVita Pastorale aVITA PASTORALE, ANNO 79-N.05 (MAGGIO 1991)bParola Ed Evento In Simbiosi-Bibbia E Liturgia: un Nesso Inscindibile a1a ed. aMILANObSOCIETA' S. PAOLO GRUPPO PERIOD.c1991 bPaulus - SPICS - Società San Paolo EM (non-commercial uses only)cCopyright2015 a3 p. [122-124] aANNO 079, N.05 (MAGGIO 1991) aLezionario Domenicale e Feriale. Uso Pastorale del Lezionario: Omelia. aPASTORALEvPUBBLICAZIONE PERIODICA